000 00342cam a22001217a 4500
008 180718b1951 xxu||||| |||| 00| 0 eng d
082 _aA75x5452 M267m
245 _aMalabar
_cby William Logan
260 _aMadras
_bGovernment of Madras
_c1951
300 _a2 vols.
500 _aLibrary has v.1. 759+p;v.2. cccxxiip.
700 _aLogan, William
999 _c487434
_d487434